00442nam a2200181Ia 450000500170000000800410001704000190005804100120007708200180008910000180010724500390012526000260016430000140019050400190020465000150022365100120023885000100025020220929152309.0131103s9999 xx 000 0 und d aLoreto College aEnglish a150.1954bJUN aJung, Carl G. aMan and his symbolscCarl G. Jung  aLondonbPicadorc1964 axii,413p  aIncludes index aPsychology aSymbols aLCLIB